Catálogo
 En Linea

Manual de protección ciudadana : (Registro nro. 48260)

Detalles MARC
000 -CABECERA
campo de control de longitud fija 00688nam a2200181 a 4500
001 - NÚMERO DE CONTROL
campo de control 000048772
005 - FECHA Y HORA DE LA ÚLTIMA TRANSACCIÓN
campo de control 20201002061409.0
008 - DATOS DE LONGITUD FIJA--INFORMACIÓN GENERAL
campo de control de longitud fija 190411d2008 dr ac 000 0 spa d
040 ## - FUENTE DE LA CATALOGACIÓN
Centro catalogador/agencia de origen DO-SdBNP
Lengua de catalogación spa
Centro/agencia transcriptor BNPHU
082 ## - NÚMERO DE LA CLASIFICACIÓN DECIMAL DEWEY
Número de clasificación xxxx
Número de documento/Ítem R696m
100 1# - ENTRADA PRINCIPAL--NOMBRE DE PERSONA
Nombre de persona Rodríguez Veras, Ramón Alcides
9 (RLIN) 76228
245 10 - MENCIÓN DE TÍTULO
Título Manual de protección ciudadana :
Resto del título la ciudadaníía en la prevención del crimen /
Mención de responsabilidad, etc. Ramón Alcides Rodríguez Veras.
250 ## - MENCIÓN DE EDICIÓN
Mención de edición 3ra. ed. corregida y ampliada
260 ## - PUBLICACIÓN, DISTRIBUCIÓN, ETC.
Lugar de publicación, distribución, etc. Santo Doming :
Nombre del editor, distribuidor, etc. Impresos Aníbal,
Fecha de publicación, distribución, etc. 2008.
300 ## - DESCRIPCIÓN FÍSICA
Extensión 68 p. :
Otras características físicas il., retrs. ;
Dimensiones 15 cm.
500 ## - NOTA GENERAL
Nota general Incluye datos biográficos del autor en la solapa de la contracubierta
590 ## - NOTA LOCAL (RLIN)
Nota local Inventariado, 2019/LP
Existencias
Estado de retiro Estado de pérdida Restricciones de uso No para préstamo Código de colección Localización permanente Ubicación/localización actual Ubicación en estantería Fecha de adquisición Número de inventario Total de préstamos Signatura topográfica completa Código de barras Fecha visto por última vez Número de copia Precio válido a partir de Tipo de ítem Koha
        Dominicana de Servicio General General Depósito 11.04.2019 LF1   xxxx R696m 48772-30 25.06.2020 e. 3 25.06.2020 Libro y Folleto Colección Dominicana de Servicio
      Excluido de préstamo Patrimonio Dominicano Patrimonio Dominicano Patrimonio Dominicano Depósito 11.04.2019 LF1   xxxx R696m 48772-10 25.06.2020   25.06.2020 Libro y Folleto Colección Patrimonio Dominicano
      Excluido de préstamo Patrimonio Dominicano Patrimonio Dominicano Patrimonio Dominicano Depósito 11.04.2019 LF1   xxxx R696m 48772-20 25.06.2020 e. 2 25.06.2020 Libro y Folleto Colección Patrimonio Dominicano

Con tecnología Koha